Týždeň frankofónie v Košiciach opäť milo prekvapil

Bibliographic Details
Format: Article
Language:Slovak
PhysicalDescription:Fotogr.
ISSN:1335-4566
Subjects:
Online Access:www.korzar.sk

MARC

LEADER 00000nab a2200000 a 4500
001 vtls008981760
003 SK-MaSNL
005 20260303065152.0
008 070418c20070417xo drz 0 0slo
038 |a KEVKJB 
040 |a KEVKJB  |b slo  |c KEVKJB  |e AACR2 
041 0 |a slo 
044 |a xo  |c SK 
080 |a 394.9(=133.1)  |2 2001 
080 |a 792.077-057.87  |2 2001 
245 0 0 |a Týždeň frankofónie v Košiciach opäť milo prekvapil  |c [autor] (av) 
300 |b Fotogr. 
611 2 7 |a Igram  |g festival  |n (6. :  |d 2007 :  |c Košice, Slovensko)  |2 kevkjb  |9 1064848 
611 2 7 |a Dni francúzskej kultúry  |n (8. :  |d 2007 :  |c Košice, Slovensko)  |2 kevkjb  |9 1064849 
650 0 7 |a bilingválne gymnáziá  |2 kevkjb  |9 72975 
650 0 7 |a stredoškolské frankofónne divadlá  |x festivaly  |2 kevkjb  |9 1064850 
651 7 |a Košice (Slovensko)  |2 kevkjb  |9 18694 
773 0 |t Košický denník Korzár  |g Roč. X, č. 88 (17.4.2007), s. 17  |x 1335-4566 
852 |a KEVKJB  |b KIS3GCP 
856 4 1 |u www.korzar.sk 
958 |a FR 
999 |c 1750117  |d 1752047